Podnikateľské prostredie na Slovensku - regionálne rozdiely pri podnikaní

Charakteristika štruktúry podnikateľských subjektov vo výrobnom družstevníctve v Slovenskej republike. Problémy v podnikateľskom prostredí malých a stredných podnikov na príklade družstiev. Zhodnotenie regionálnych rozdielov vo výrobných družstvách v SR.

Na minha lista:
Detalhes bibliográficos
Autor principal: Šúbertová, Elena
Formato: Capítulo de Livro
Idioma:eslovaco
Assuntos:
Tags: Adicionar Tag
Sem tags, seja o primeiro a adicionar uma tag!

MARC

LEADER 00000naa$a2200000$$$4500
001 0082934
005 20240521122858.1
041 0 |a slo 
044 |a SK 
245 1 0 |a Podnikateľské prostredie na Slovensku - regionálne rozdiely pri podnikaní  |c Elena Šúbertová 
520 |a Charakteristika štruktúry podnikateľských subjektov vo výrobnom družstevníctve v Slovenskej republike. Problémy v podnikateľskom prostredí malých a stredných podnikov na príklade družstiev. Zhodnotenie regionálnych rozdielov vo výrobných družstvách v SR. 
610 2 0 |a prostredie podnikateľské 
610 2 0 |a Slovensko 
610 2 0 |a regióny 
610 2 0 |a podnik malý 
610 2 0 |a podnik stredný 
610 2 0 |a družstvá výrobné 
100 1 |a Šúbertová, Elena